Statistics for Danmarks 20 længste broer

Click here to take the quiz!

General Stats

  • This quiz has been taken 292 times
  • The average score is 8 of 20

Answer Stats

Nr.LængdeBro% Correct
2.6.790 mStorebæltsbroen (Østbroen)
97%
3.6.610 mStorebæltsbroen (Vestbroen)
97%
11.1.178 mLillebæltsbroen (Gammel)
92%
8.1.700 mLillebæltsbroen (Ny)
92%
1.7.845 mØresundsbroen
84%
7.1.712 mVejlefjordbroen
52%
15.640 mLimfjordsbroen
47%
9.1.526 mFarøbroen (Nord)
30%
5.1.726 mFarøbroen (Syd)
30%
4.3.199 mStorstrømsbroen
29%
12.774 mLangelandsbroen
24%
6.1.717 mSallingsundbroen
22%
10.1.220 mSvendborgsundbroen
16%
14.660 mAlssundbroen
15%
13.745 mDronning Alexandrinebroen
14%
18.472 mOddesundbroen
8%
19.382 mVilsundbroen
4%
20.295 mFrederik IX broen
3%
17.558 mSiøsundbroen
3%
16.601 mMasnedsundbroen
1%

Score Distribution

Percentile by Number Answered

Percent of People with Each Score

Your Score History

You have not taken this quiz